| 000 | 00810nam a2200241Ia 4500 | ||
|---|---|---|---|
| 008 | 191130s2004##################000#0#eng## | ||
| 020 | _a9780387213750 | ||
| 022 | _a2004046863 | ||
| 040 |
_aACL _cACL |
||
| 082 | _a332.01513 ROM | ||
| 100 | _aRoman, Steven | ||
| 245 |
_aIntroduction to the mathematics of finance : from risk management to options pricing _cSteven Roman |
||
| 260 |
_aBerlin _bSpringer _c2004 |
||
| 300 | _axiv, 354 p. : ill. ; 25 cm | ||
| 500 | _aIncludes bibliographical references (p. [349]-350) and index | ||
| 650 | _aCapital assets pricing model | ||
| 650 | _aInvestments - Mathematics | ||
| 650 | _aOptions (Finance) - Prices | ||
| 650 | _aPortfolio management - Mathematical models | ||
| 990 | _a1499df77ac10000c348111441741ac80 | ||
| 991 | _a142460 | ||
| 999 |
_c220153 _d220153 |
||